00510nam a2200169Ia 4500003000900000008004100009040001600050080001500066100002500081245005600106260003400162300001000196650002400206942000700230999001300237952009000250IN-BaIIA211028s9999 xx 000 0 eng d cIIA Library a521.1bAND aAndoyer, M. H.91504 0aCours de mecanique celestebvol. IIcM. H. Andoyer  aParisbGauthier Villarsc1926 a445p. aCelestial mechanics cBK c705d705 00104070aBANbKODcGENd0000-00-00l0o521.1/ ANDp729r2021-11-05w0000-00-00yBK